[Event "DVM u20 2005"]
[Site "Berlin"]
[Date "2005.12.27"]
[Round "2.1"]
[White "Suchin, Dimitry"]
[Black "Krämer, Martin"]
[Result "0-1"]
[WhiteElo "2276"]
[BlackElo "2394"]
[PlyCount "110"]
[EventDate "2000.??.??"]

1. d4 Nf6 2. c4 e6 3. Nf3 b6 4. g3 Ba6 5. b3 Bb4+ 6. Bd2 Be7 7. Bc3 c6 8. Bg2
d5 9. Ne5 O-O 10. Nd2 Nfd7 11. Nxd7 Nxd7 12. O-O f5 13. f3 c5 14. cxd5 exd5 15.
Re1 Nf6 16. Bb2 Bb7 17. Kh1 Rc8 18. Rc1 Qe8 19. e3 Qh5 20. Kg1 Qh6 21. Qe2 Rfe8
22. Qd3 Qh5 23. Bh1 Kh8 24. Bg2 {(=)} h6 25. Bh1 Qg5 26. Bg2 Qh5 27. Bh1 Nh7
28. Bg2 Rf8 29. f4 Nf6 30. Nf3 c4 31. Qd1 Bb4 32. Bc3 Ba3 33. Rc2 Ne4 34. Bd2
c3 35. Bc1 Bd6 36. Ne5 Qe8 37. Qe2 b5 38. a3 a5 39. g4 g6 40. Kh1 Rc7 41. Rg1
Bxe5 42. dxe5 b4 43. axb4 axb4 44. Ra2 Bc6 45. Bxe4 fxe4 46. Rd1 Bb5 47. Qf2
Bd3 48. Rg1 Qe7 49. Ra4 Rb7 50. Ra5 Qxe5 51. Qh4 Qg7 52. Rxd5 Kh7 53. Rd6 Be2
54. Rg3 Rd7 55. Rd4 Bf3+ 0-1

[Event "DVM u20 2005"]
[Site "Berlin"]
[Date "2005.12.27"]
[Round "2.2"]
[White "Holzschuh, Stephan"]
[Black "Bubolz, Konstantin"]
[Result "1/2-1/2"]
[WhiteElo "2257"]
[BlackElo "2042"]
[PlyCount "83"]
[EventDate "2000.??.??"]

1. Nf3 Nf6 2. g3 c5 3. Bg2 Nc6 4. O-O e5 5. d3 d5 6. c4 Be7 7. cxd5 Nxd5 8. Nc3
Nc7 9. a4 Rb8 10. Bd2 O-O 11. Qb1 f6 12. Rc1 Re8 13. e3 Be6 14. Ne2 Qd7 15. Bc3
Nd5 16. d4 e4 17. Nd2 f5 18. dxc5 Nxc3 19. Nxc3 Nb4 20. Rd1 Qc7 21. Nb5 Qxc5
22. Nd4 Qe5 23. Bf1 Rbc8 24. b3 Red8 25. Nxe6 Qxe6 26. Bc4 Nd5 27. Qa2 Kh8 28.
Rac1 Qe5 29. Nb1 Nb4 30. Qe2 g6 31. Rxd8+ Rxd8 32. Rd1 Rxd1+ 33. Qxd1 Qd6 34.
Qxd6 Bxd6 35. Nc3 a6 36. f3 exf3 37. Kf2 Kg7 38. Kxf3 Nc6 39. Bd5 Ne5+ 40. Kg2
Bb4 41. Na2 Bd2 42. Bxb7 1/2-1/2

[Event "DVM u20 2005"]
[Site "Berlin"]
[Date "2005.12.27"]
[Round "2.3"]
[White "Jahnz, Fabian"]
[Black "Wehner, Jannis"]
[Result "1/2-1/2"]
[WhiteElo "2166"]
[BlackElo "2237"]
[PlyCount "44"]
[EventDate "2000.??.??"]

1. e4 c5 2. Nf3 Nc6 3. d4 cxd4 4. Nxd4 g6 5. Nc3 Bg7 6. Be3 Nf6 7. Bc4 O-O 8.
Bb3 a5 9. O-O d6 10. h3 Bd7 11. Re1 Nxd4 12. Bxd4 a4 13. Bc4 a3 14. b3 e5 15.
Be3 Bc6 16. f3 Nh5 17. Qd2 Nf4 18. Rad1 Qg5 19. Kh2 Qh5 20. Bb5 Rfd8 21. Bc4
Bh6 22. Qf2 Bg5 1/2-1/2

[Event "DVM u20 2005"]
[Site "Berlin"]
[Date "2005.12.27"]
[Round "2.5"]
[White "Kasper, Andreas"]
[Black "Gehlhaar, Christian"]
[Result "0-1"]
[WhiteElo "1879"]
[BlackElo "2095"]
[PlyCount "94"]
[EventDate "2000.??.??"]

1. Nf3 g6 2. c4 Bg7 3. g3 Nf6 4. Bg2 O-O 5. O-O d5 6. cxd5 Nxd5 7. Nc3 Nc6 8.
d4 e5 9. Nxd5 e4 10. Nd2 Qxd5 11. Nxe4 Qxd4 12. Qb3 Qb6 13. Qxb6 axb6 14. e3
Be6 15. a3 Rfd8 16. Nc3 Bc4 17. Re1 Na5 18. Bf1 Nb3 19. Rb1 Bxf1 20. Kxf1 Bxc3
21. bxc3 Nxc1 22. Rexc1 Rxa3 23. Ra1 Rb3 24. Ke1 Rb2 25. Rd1 Rxd1+ 26. Rxd1 Rc2
27. Rd3 Kf8 28. Kf1 Ke7 29. Kg2 c5 30. Kf3 c4 31. Rd4 Rxc3 32. Re4+ Kd7 33. Rh4
h5 34. Rf4 f5 35. Rd4+ Ke7 36. h3 b5 37. Rd5 Rb3 38. Re5+ Kd6 39. Re8 Kd7 40.
Rg8 c3 41. Ke2 b4 42. Rxg6 Rb2+ 43. Kd1 b3 44. Rg7+ Kc6 45. Rg6+ Kc7 46. Rg7+
Kb6 47. Rg6+ Ka7 0-1

[Event "DVM u20 2005"]
[Site "Berlin"]
[Date "2005.12.27"]
[Round "2.6"]
[White "Hermann, Ingo"]
[Black "Rath, Oliver"]
[Result "1-0"]
[WhiteElo "2007"]
[BlackElo "1900"]
[PlyCount "89"]
[EventDate "2000.??.??"]

1. e4 c5 2. c3 e6 3. d4 cxd4 4. cxd4 d5 5. exd5 Qxd5 6. Nf3 Nc6 7. Be2 Nf6 8.
O-O Be7 9. Nc3 Qd8 10. Qd3 O-O 11. h3 Bd7 12. Rd1 a6 13. a3 Qc7 14. Bg5 Nd5 15.
Nxd5 exd5 16. Bxe7 Nxe7 17. Qb3 Rab8 18. Rac1 Qd6 19. Bd3 h6 20. Rc2 Rfc8 21.
Re2 Be6 22. Bb1 Rc7 23. Ne5 Rbc8 24. Rde1 Re8 25. Ba2 Nf5 26. Nf3 b5 27. Bb1
Rd8 28. Qd3 g6 29. Ne5 Re7 30. Qd2 Kg7 31. Qd3 Qb6 32. Nf3 Qd6 33. g4 Rde8 34.
Qd1 Qf4 35. Rxe6 fxe6 36. gxf5 exf5 37. Ne5 Qh4 38. Qd3 Re6 39. Rd1 f4 40. Qf3
Qg5+ 41. Kh2 Qd8 42. Rg1 g5 43. Qxf4 Rf8 44. Qe3 Ref6 45. Rxg5+ 1-0

[Event "DVM u20 2005"]
[Site "Berlin"]
[Date "2005.12.27"]
[Round "2.1"]
[White "Zaragatski, Ilja"]
[Black "Nüsken, Nikolas"]
[Result "1-0"]
[WhiteElo "2376"]
[BlackElo "2302"]
[PlyCount "59"]
[EventDate "2000.??.??"]

1. e4 e5 2. Nf3 d6 3. d4 exd4 4. Nxd4 Nf6 5. Nc3 Be7 6. g3 d5 7. exd5 Nxd5 8.
Bd2 Nf6 9. Be3 O-O 10. Qd3 c6 11. O-O-O Qa5 12. Bg2 Na6 13. Nb3 Qh5 14. h3 Nb4
15. Qd2 Be6 16. g4 Qg6 17. f4 Rad8 18. Nd4 Nxg4 19. hxg4 Bxg4 20. f5 Bxf5 21.
Nxf5 Qxf5 22. Qf2 Qe6 23. Kb1 b6 24. a3 Na6 25. Rde1 Qd6 26. Be4 g6 27. Bf4 Qc5
28. Qh2 h5 29. Bd3 b5 30. Re5 1-0

[Event "DVM u20 2005"]
[Site "Berlin"]
[Date "2005.12.27"]
[Round "2.2"]
[White "Abel, Dennes"]
[Black "Zhang, Fan"]
[Result "1-0"]
[WhiteElo "2186"]
[BlackElo "2071"]
[PlyCount "73"]
[EventDate "2000.??.??"]

1. e4 e6 2. Nf3 d5 3. Nc3 Nf6 4. e5 Nfd7 5. d4 c5 6. dxc5 Bxc5 7. Bd3 Nc6 8.
Bf4 a6 9. Qe2 Nb4 10. O-O Nxd3 11. cxd3 O-O 12. Rac1 b5 13. Be3 Be7 14. Rc2 Bb7
15. Bd4 Rc8 16. Rfc1 Nb8 17. Nb1 Rxc2 18. Qxc2 Qa5 19. Nbd2 Nc6 20. Nb3 Nxd4
21. Nfxd4 Qb6 22. Qc7 Bd8 23. Qd7 b4 24. Rc5 h6 25. h3 Ba8 26. Rc8 Bb7 27. Rc5
Ba8 28. Kh1 Qb7 29. Qa4 Be7 30. Rc6 Qb8 31. Rxa6 Qxe5 32. Nf3 Qb8 33. d4 Bd6
34. g4 Be7 35. Kg2 Rc8 36. Qd7 Rc7 37. Rxa8 1-0

[Event "DVM u20 2005"]
[Site "Berlin"]
[Date "2005.12.27"]
[Round "2.3"]
[White "Pilat, Daniel"]
[Black "Hoffmann, Lukas"]
[Result "1/2-1/2"]
[WhiteElo "2144"]
[BlackElo "2149"]
[PlyCount "86"]
[EventDate "2000.??.??"]

1. e4 c5 2. Nc3 e6 3. f4 Nc6 4. Nf3 d5 5. Bb5 Nge7 6. Qe2 dxe4 7. Nxe4 a6 8.
Bxc6+ Nxc6 9. d3 Be7 10. O-O Nd4 11. Qf2 Nxf3+ 12. Qxf3 O-O 13. Kh1 Bd7 14. Qh5
f5 15. Nd2 Bc6 16. Qe2 Qd5 17. Nc4 Rae8 18. Ne5 Bf6 19. Bd2 Bxe5 20. fxe5 Rd8
21. Rf2 Rd7 22. a3 b5 23. Rd1 Bb7 24. Rdf1 Rc8 25. Bc3 Qc6 26. Qe3 c4 27. d4
Qe4 28. Qxe4 Bxe4 29. Rd2 Rcd8 30. Rfd1 Ra8 31. Ba5 Rb7 32. c3 Rc8 33. Kg1 Bd5
34. Rf2 Be4 35. Bb4 Ra8 36. Ba5 Rf7 37. Kf1 Kf8 38. Ke2 Ke7 39. Ke3 Bd5 40.
Rdf1 Rg8 41. Bb4+ Kd7 42. g3 Ra8 43. Ba5 Rg8 1/2-1/2

[Event "DVM u20 2005"]
[Site "Berlin"]
[Date "2005.12.27"]
[Round "2.5"]
[White "Fuhrmann, Marc Andre"]
[Black "Wall, Henrik"]
[Result "0-1"]
[WhiteElo "1993"]
[BlackElo "1878"]
[PlyCount "72"]
[EventDate "2000.??.??"]

1. d4 Nf6 2. Nf3 c5 3. d5 d6 4. c4 e6 5. Nc3 exd5 6. cxd5 g6 7. e4 Bg7 8. Be2
O-O 9. O-O Re8 10. Nd2 Nbd7 11. Qc2 a6 12. a4 b6 13. f4 Bb7 14. Bf3 Qc7 15. Nc4
b5 16. axb5 Nb6 17. Nxb6 Qxb6 18. Kh1 axb5 19. Rxa8 Bxa8 20. Qd3 c4 21. Be3
cxd3 22. Bxb6 b4 23. Nb5 Nxe4 24. Nc7 Nd2 25. Rd1 Re7 26. Nxa8 Nc4 27. b3 Nb2
28. Rf1 d2 29. Bf2 Nd3 30. Bg3 Bd4 31. h3 Ra7 32. Rd1 Be3 33. Nb6 Bxb6 34. Rxd2
Nc1 35. Rb2 Ra1 36. Be4 Nd3+ 0-1

[Event "DVM u20 2005"]
[Site "Berlin"]
[Date "2005.12.27"]
[Round "2.6"]
[White "Wall, Max"]
[Black "Neftik, Ilja"]
[Result "1/2-1/2"]
[WhiteElo "1889"]
[BlackElo "1587"]
[PlyCount "73"]
[EventDate "2000.??.??"]

1. e4 e5 2. Nf3 Nc6 3. Bb5 a6 4. Bxc6 dxc6 5. O-O Nf6 6. Re1 Bg4 7. h3 Bxf3 8.
Qxf3 c5 9. d3 h6 10. Be3 Qd7 11. Nd2 b5 12. a4 c6 13. Qg3 Qe6 14. axb5 cxb5 15.
Ra5 Nd7 16. Rea1 Qb6 17. b4 g6 18. Nf3 Bg7 19. bxc5 Qc6 20. R1a2 O-O 21. h4
Rfe8 22. c4 Nxc5 23. Bxc5 Qxc5 24. cxb5 Reb8 25. bxa6 Rb5 26. Rxb5 Qxb5 27. Rd2
Rxa6 28. Kh2 Rd6 29. Ne1 h5 30. Qe3 Kh7 31. g3 Bh6 32. f4 exf4 33. gxf4 Re6 34.
Qg3 Qb8 35. e5 Rxe5 36. fxe5 Bxd2 37. Nf3 1/2-1/2

[Event "DVM u20 2005"]
[Site "Berlin"]
[Date "2005.12.27"]
[Round "2.1"]
[White "Hillmann, Michael"]
[Black "Armbrust, Florian"]
[Result "1/2-1/2"]
[WhiteElo "2067"]
[BlackElo "2280"]
[PlyCount "37"]
[EventDate "2000.??.??"]
[WhiteTeam "TSV Schott Mainz"]
[BlackTeam "SV Sangershausen"]

1. d4 Nf6 2. c4 g6 3. Nc3 Bg7 4. e4 d6 5. Nf3 O-O 6. Be2 Nbd7 7. O-O e5 8. d5
Qe7 9. Ne1 h6 10. Be3 c5 11. dxc6 bxc6 12. Nc2 Nc5 13. f3 Ne6 14. b4 Nf4 15.
Qd2 Nxe2+ 16. Nxe2 Kh7 17. b5 Be6 18. Nb4 cxb5 19. cxb5 1/2-1/2

[Event "DVM u20 2005"]
[Site "Berlin"]
[Date "2005.12.27"]
[Round "2.2"]
[White "Lohr, Matthias"]
[Black "Günther, Christian"]
[Result "1-0"]
[WhiteElo "2146"]
[BlackElo "2029"]
[PlyCount "103"]
[EventDate "2000.??.??"]

1. e4 Nf6 2. Nc3 d5 3. exd5 Nxd5 4. Bc4 Nb6 5. Bb3 Nc6 6. Nf3 Bf5 7. a4 e6 8.
a5 Nd7 9. a6 b6 10. Ba4 Ncb8 11. Nd4 Bc5 12. Nxf5 exf5 13. O-O O-O 14. Qf3 c6
15. Qxf5 b5 16. Bb3 Qb6 17. Ne4 Be7 18. d3 Nf6 19. Be3 Qd8 20. Bc5 Nxe4 21.
dxe4 Bxc5 22. Qxc5 Qc8 23. Rfd1 Nxa6 24. Qe7 c5 25. Bd5 Rb8 26. Qxa7 Nb4 27.
Qe7 Nxd5 28. Rxd5 c4 29. Ra7 Ra8 30. h3 Rxa7 31. Qxa7 Qe6 32. Qd4 Qh6 33. Qd2
Qxd2 34. Rxd2 f6 35. Rd5 Rb8 36. f3 Kf7 37. Kf2 Ke6 38. Ke3 g6 39. g4 b4 40.
Rc5 b3 41. Rxc4 bxc2 42. Rxc2 Rb3+ 43. Kf4 g5+ 44. Kg3 Ke5 45. Rc7 h5 46. gxh5
Rxb2 47. h6 Rb8 48. h7 Kd6 49. Rg7 Rh8 50. Kg4 Ke5 51. Kh5 Kf4 52. Kg6 1-0

[Event "DVM u20 2005"]
[Site "Berlin"]
[Date "2005.12.27"]
[Round "2.3"]
[White "Strache, Michael"]
[Black "Kühner, Christian"]
[Result "1-0"]
[WhiteElo "2083"]
[BlackElo "2143"]
[PlyCount "107"]
[EventDate "2000.??.??"]

1. e4 c5 2. Nc3 Nc6 3. f4 g6 4. Nf3 Bg7 5. g3 e6 6. Bg2 Nge7 7. O-O d6 8. d3
O-O 9. Qe1 Rb8 10. g4 Nd4 11. Qf2 f5 12. gxf5 exf5 13. Be3 Nec6 14. Nd1 Nxf3+
15. Qxf3 fxe4 16. dxe4 Ne5 17. Qg3 Ng4 18. Bd2 Kh8 $11 19. Nc3 Bd7 20. Bf3 Nf6
21. e5 Nh5 22. Bxh5 gxh5 23. Ne4 dxe5 24. Bc3 Qe7 25. fxe5 h4 26. Qg5 Qxg5+ 27.
Nxg5 h6 28. Ne4 b6 29. Nf6 Be6 30. Kf2 b5 31. a3 a5 32. Ke3 b4 33. axb4 axb4
34. Be1 Bxf6 35. Rxf6 Rxf6 36. exf6 b3 37. cxb3 Rxb3+ 38. Bc3 Bf7 39. Rg1 Rb8
40. Rg7 Rb7 41. Kf4 c4 42. Ke5 Rd7 43. Kf4 Rb7 44. Ke5 Rd7 45. Ke4 h3 46. Be5
Bd5+ 47. Kd4 Bf7+ 48. Ke3 Rb7 49. Bc3 Rd7 50. Ke4 Rb7 51. Kd4 Rd7+ 52. Kc5 Rc7+
53. Kd6 Ra7 54. Bd4 1-0

[Event "DVM u20 2005"]
[Site "Berlin"]
[Date "2005.12.27"]
[Round "2.4"]
[White "Fragin, Ilja"]
[Black "Wendling, Hannes"]
[Result "0-1"]
[WhiteElo "2042"]
[BlackElo "2088"]
[PlyCount "58"]
[EventDate "2000.??.??"]

1. e4 c5 2. Nf3 d6 3. d4 cxd4 4. Nxd4 Nf6 5. Nc3 a6 6. Be2 e5 7. Nb3 Be6 8. O-O
Be7 9. Be3 O-O 10. Qd2 Qc7 11. Bf3 b5 12. Bg5 Nbd7 13. Rfd1 Rac8 14. Rac1 Rfd8
15. Ne2 Nb6 16. c3 h6 17. Bxf6 Bxf6 18. Qc2 Bg5 19. Nd2 Nc4 20. Nxc4 Bxc1 21.
Nd2 Bxd2 22. Rxd2 Qc4 23. Nc1 b4 24. Rd3 Qb5 25. b3 bxc3 26. Rxc3 Rxc3 27. Qxc3
Rc8 28. Qd2 Qb4 29. Qd1 Qa3 0-1

[Event "DVM u20 2005"]
[Site "Berlin"]
[Date "2005.12.27"]
[Round "2.5"]
[White "Bürckner, Georg"]
[Black "Katte, Isabel"]
[Result "1/2-1/2"]
[WhiteElo "1816"]
[BlackElo "1950"]
[PlyCount "36"]
[EventDate "2000.??.??"]

1. e4 e5 2. Nf3 Nf6 3. Nc3 Nc6 4. d3 Bb4 5. Bd2 d6 6. Be2 O-O 7. O-O Ne8 8. a3
Bxc3 9. Bxc3 f5 10. exf5 Bxf5 11. Nd2 Nf6 12. Bf3 Qd7 13. Re1 Rae8 14. Nf1 Bg4
15. Bxg4 Nxg4 16. f3 Nf6 17. Ng3 Nd5 18. Bd2 Nf6 1/2-1/2

[Event "DVM u20 2005"]
[Site "Berlin"]
[Date "2005.12.27"]
[Round "2.6"]
[White "Khalat, David"]
[Black "Richter, Dustin"]
[Result "0-1"]
[WhiteElo "1640"]
[BlackElo "1432"]
[PlyCount "65"]
[EventDate "2000.??.??"]

1. e4 c5 2. Nc3 e6 3. g3 Nc6 4. Bg2 a6 5. f4 Qc7 6. Nf3 b5 7. d3 Be7 8. Be3 Bb7
9. Qd2 h5 10. Qf2 d6 11. a3 Nf6 12. O-O h4 13. Nxh4 Ng4 14. Qf3 Nxe3 15. Qxe3
Bxh4 16. gxh4 Rxh4 17. Qg3 Rh7 18. Kf2 Nd4 19. Rac1 O-O-O 20. Ne2 Nc6 21. h3
Qe7 22. Rg1 Rdh8 23. Rh1 Qf6 24. c3 Ne5 25. Ke3 Ng6 26. Kd2 Nh4 27. Bf1 g5 28.
Qg4 Rg7 29. Rg1 Rhh7 30. Bg2 gxf4 31. Qxf4 Qxf4+ 32. Nxf4 e5 33. Bf3 0-1

[Event "DVM u20 2005"]
[Site "Berlin"]
[Date "2005.12.27"]
[Round "2.1"]
[White "Mutschnik, Illya"]
[Black "Hörr, Matthias"]
[Result "1-0"]
[WhiteElo "2414"]
[BlackElo "2124"]
[PlyCount "45"]
[EventDate "2000.??.??"]

1. e4 d6 2. d4 Nf6 3. Nc3 g6 4. f4 Bg7 5. Nf3 O-O 6. Bd3 Na6 7. O-O c5 8. d5
Bg4 9. Qe2 Nc7 10. h3 Bxf3 11. Qxf3 e6 12. dxe6 fxe6 13. Be3 b6 14. Rad1 Qe7
15. f5 gxf5 16. exf5 Nfd5 17. Nxd5 Nxd5 18. Bc1 Nb4 19. Rde1 Nxd3 20. Qxd3 Be5
21. Bh6 Rxf5 22. Rxf5 exf5 23. Qxf5 1-0

[Event "DVM u20 2005"]
[Site "Berlin"]
[Date "2005.12.27"]
[Round "2.2"]
[White "Pfeufer, Lion"]
[Black "Strohhäker, Raoul"]
[Result "1/2-1/2"]
[WhiteElo "2014"]
[BlackElo "2285"]
[PlyCount "69"]
[EventDate "2000.??.??"]

1. e4 c5 2. Nf3 e6 3. c4 Nc6 4. Nc3 Nf6 5. Be2 d5 6. exd5 exd5 7. d4 Be7 8. O-O
O-O 9. h3 Be6 10. cxd5 Nxd5 11. Nxd5 Bxd5 12. dxc5 Bxc5 13. Bg5 f6 14. Bf4 Re8
15. Qc2 Qb6 16. Bc4 Bxc4 17. Qxc4+ Kh8 18. Rac1 Bd4 19. Nxd4 Qxd4 20. Be3 Qxb2
21. Rb1 Qe5 22. Rb5 Qe7 23. Rfb1 Ne5 24. Qa4 b6 25. Rd5 Rad8 26. Rbd1 Rxd5 27.
Rxd5 h6 28. Bf4 Ng6 29. Be3 Qe6 30. Rd7 Re7 31. Rxa7 Rxa7 32. Qxa7 b5 33. Qb8+
Kh7 34. Qxb5 Qxa2 35. Qf5 1/2-1/2

[Event "DVM u20 2005"]
[Site "Berlin"]
[Date "2005.12.27"]
[Round "2.3"]
[White "Beck, Frederik"]
[Black "Lozovoy, Sergej"]
[Result "1-0"]
[WhiteElo "2214"]
[BlackElo "1976"]
[PlyCount "81"]
[EventDate "2000.??.??"]

1. e4 c5 2. Nf3 Nc6 3. d4 cxd4 4. Nxd4 e5 5. Nb5 d6 6. c4 Be7 7. g3 Nf6 8. Bg2
Bg4 9. Qd3 a6 10. N5a3 Nd7 11. Be3 Nc5 12. Qd2 Ne6 13. h3 Bh5 14. O-O O-O 15.
Nc3 Rb8 16. Nd5 Bg5 17. f4 exf4 18. gxf4 Bh6 19. f5 Bxe3+ 20. Qxe3 Nc5 21. f6
Bg6 22. Nc2 Re8 23. Nd4 Nxe4 24. Nxc6 bxc6 25. Ne7+ Rxe7 26. fxe7 Qxe7 27. b3
d5 28. cxd5 cxd5 29. Rfd1 Qb7 30. Qd4 Nf6 31. Bxd5 Qc7 32. Bg2 h5 33. Rac1 Qa5
34. Qd2 Qb6+ 35. Qd4 Qa5 36. Qd2 Qb6+ 37. Qf2 Qa5 38. Rc6 Rb5 39. Rc8+ Kh7 40.
Rdd8 Kh6 41. Qe3+ 1-0

[Event "DVM u20 2005"]
[Site "Berlin"]
[Date "2005.12.27"]
[Round "2.4"]
[White "Butzke, Daniel"]
[Black "Schaaf, Robert"]
[Result "1/2-1/2"]
[WhiteElo "1999"]
[BlackElo "2113"]
[PlyCount "39"]
[EventDate "2000.??.??"]

1. e4 d5 2. exd5 Qxd5 3. Nc3 Qa5 4. Bc4 Nf6 5. d3 c6 6. Bd2 Qc7 7. a3 Bf5 8. h3
e6 9. Nf3 Nbd7 10. Nh4 Bg6 11. Nxg6 hxg6 12. Qe2 Bd6 13. Bg5 O-O 14. Ne4 Be7
15. Nxf6+ Bxf6 16. Bxf6 Nxf6 17. O-O Rfd8 18. Rfe1 Rd6 19. Bb3 Rad8 20. Qe3
1/2-1/2

[Event "DVM u20 2005"]
[Site "Berlin"]
[Date "2005.12.27"]
[Round "2.5"]
[White "Hauser, Carlos"]
[Black "Titz, Johannes"]
[Result "1/2-1/2"]
[WhiteElo "2131"]
[BlackElo "1965"]
[PlyCount "53"]
[EventDate "2000.??.??"]

1. d4 f5 2. Bg5 g6 3. e3 Bg7 4. Nf3 Nf6 5. h4 d6 6. Bc4 d5 7. Bd3 Nbd7 8. Nc3
b6 9. Bb5 Bb7 10. Bxf6 Bxf6 11. Ne5 Bxe5 12. dxe5 c6 13. Ba4 Nxe5 14. Qd4 Qd6
15. f4 Nf7 16. Qxd5 Qxd5 17. Nxd5 O-O-O 18. Nc3 c5 19. Rg1 Nh6 20. Ke2 Ng4 21.
Rad1 Nf6 22. g3 Rxd1 23. Rxd1 Rd8 24. Rxd8+ Kxd8 25. Bb3 Bc6 26. Bc4 Bb7 27. a4
1/2-1/2

[Event "DVM u20 2005"]
[Site "Berlin"]
[Date "2005.12.27"]
[Round "2.6"]
[White "Franz, Tobias"]
[Black "Stiefel, Michael"]
[Result "1/2-1/2"]
[WhiteElo "1703"]
[BlackElo "2057"]
[PlyCount "55"]
[EventDate "2000.??.??"]

1. e4 c5 2. Nf3 e6 3. d4 cxd4 4. Nxd4 a6 5. a3 Qc7 6. Nc3 b5 7. Be3 Bb7 8. Bd3
Nf6 9. O-O d6 10. Kh1 Nbd7 11. f3 Be7 12. Qe1 O-O 13. Qg3 Rfe8 14. Rfe1 Ne5 15.
Rad1 Rac8 16. f4 Nc4 17. Bxc4 Qxc4 18. e5 Nd5 19. Nxd5 Bxd5 20. c3 Red8 21. Nf3
Bxf3 22. Qxf3 d5 23. Rf1 Qc7 24. Bd4 g6 25. Qg3 Kh8 26. Qh3 Bc5 27. Qh4 Qe7 28.
Qg3 1/2-1/2

[Event "DVM u20 2005"]
[Site "Berlin"]
[Date "2005.12.27"]
[Round "2.1"]
[White "Brener, Ilja"]
[Black "Hilverda, Alexander"]
[Result "1/2-1/2"]
[WhiteElo "2334"]
[BlackElo "2156"]
[PlyCount "82"]
[EventDate "2000.??.??"]

1. d4 Nf6 2. c4 e6 3. Nc3 Bb4 4. e3 Ne4 5. Qc2 f5 6. Bd3 O-O 7. Nge2 b6 8. O-O
Bxc3 9. Bxe4 fxe4 10. Nxc3 d5 11. cxd5 exd5 12. Qb3 Ba6 13. Nxd5 Bxf1 14. Nf4+
Rf7 15. Kxf1 Nd7 16. Bd2 Nf6 17. Be1 g5 18. Ne6 Qd5 19. Qxd5 Nxd5 20. Nxg5
Nxe3+ 21. Kg1 Rg7 22. fxe3 Rxg5 23. Bg3 c5 24. Bf4 Rd5 25. dxc5 Rxc5 26. Rd1
Rf8 27. Rd2 Rff5 28. Rd8+ Kg7 29. Rd7+ Rf7 30. Rd2 Ra5 31. a3 Rb5 32. b4 Re7
33. g4 a5 34. Rd4 axb4 35. axb4 Kf7 36. Kf2 Ra7 37. Rxe4 Rd5 38. Kf3 b5 39. h4
Re7 40. h5 Rxe4 41. Kxe4 Ke6 1/2-1/2

[Event "DVM u20 2005"]
[Site "Berlin"]
[Date "2005.12.27"]
[Round "2.2"]
[White "Dahmen, Christoph"]
[Black "Frübing, Stefan"]
[Result "0-1"]
[WhiteElo "2088"]
[BlackElo "2233"]
[PlyCount "56"]
[EventDate "2000.??.??"]

1. d4 Nf6 2. c4 g6 3. Nc3 Bg7 4. e4 d6 5. Nf3 O-O 6. Be2 e5 7. O-O Nc6 8. d5
Ne7 9. b4 a5 10. Ba3 axb4 11. Bxb4 Nd7 12. Ne1 f5 13. Nd3 Nf6 14. c5 Nxe4 15.
Nxe4 fxe4 16. Nb2 Rf7 17. cxd6 cxd6 18. Nc4 Nf5 19. g4 b5 20. Nd2 Nd4 21. Nxe4
Rf4 22. f3 Bxg4 23. fxg4 Rxe4 24. Bd3 Re3 25. Rf2 e4 26. Bf1 Nf3+ 27. Kh1 Qh4
28. Rg2 Be5 0-1

[Event "DVM u20 2005"]
[Site "Berlin"]
[Date "2005.12.27"]
[Round "2.3"]
[White "Becker, Nils"]
[Black "Beckmann, Emanuel"]
[Result "1-0"]
[WhiteElo "2122"]
[BlackElo "1965"]
[PlyCount "67"]
[EventDate "2000.??.??"]

1. e4 e6 2. d3 d5 3. Nd2 c5 4. g3 g6 5. Bg2 Bg7 6. Ngf3 Ne7 7. O-O Nbc6 8. c3
h6 9. Re1 b6 10. Nf1 a5 11. h4 Ra7 12. e5 d4 13. c4 Ba6 14. a4 Nb4 15. Bf4 Kd7
16. N1h2 Kc8 17. Ng4 Nec6 18. Qd2 h5 19. Ngh2 Rd7 20. Ng5 Kb8 21. Nhf3 Ka7 22.
Ne4 Rf8 23. Red1 Ne7 24. Nd6 Nf5 25. Nb5+ Kb8 26. Ng5 Bb7 27. Ne4 Re8 28. Bg5
Qc8 29. Ned6 Nxd6 30. Nxd6 Rxd6 31. Bxb7 Qxb7 32. exd6 f6 33. Bxf6 Bxf6 34. Qf4
1-0

[Event "DVM u20 2005"]
[Site "Berlin"]
[Date "2005.12.27"]
[Round "2.4"]
[White "Ebert, Manuel"]
[Black "Rutschke, Bernhard"]
[Result "1/2-1/2"]
[WhiteElo "1999"]
[BlackElo "2087"]
[PlyCount "69"]
[EventDate "2000.??.??"]

1. e4 c5 2. Nf3 Nc6 3. d4 cxd4 4. Nxd4 g6 5. Nc3 Bg7 6. Be3 Nf6 7. Bc4 O-O 8.
Bb3 d6 9. f3 Bd7 10. Qd2 Rc8 11. O-O-O Ne5 12. h4 h5 13. Bg5 Rc5 14. Kb1 b5 15.
g4 Nc4 16. Bxc4 bxc4 17. Bxf6 Bxf6 18. gxh5 Rxh5 19. f4 Qb6 20. Nd5 Rxd5 21.
exd5 Bg4 22. c3 Bxd1 23. Rxd1 Bxh4 24. f5 Bf6 25. fxg6 fxg6 26. Ne6 Rb8 27. Qg2
Kf7 28. Nd4 Qb7 29. Nc6 Rh8 30. Rg1 g5 31. Rf1 Kg7 32. Re1 Kf8 33. Rf1 Kg7 34.
Re1 Kf8 35. Rf1 1/2-1/2

[Event "DVM u20 2005"]
[Site "Berlin"]
[Date "2005.12.27"]
[Round "2.5"]
[White "Beißer, Jacob"]
[Black "Fox, Daniel"]
[Result "1/2-1/2"]
[WhiteElo "2066"]
[BlackElo "2009"]
[PlyCount "72"]
[EventDate "2000.??.??"]

1. d4 d5 2. c4 e6 3. Nc3 Nf6 4. cxd5 exd5 5. Bg5 Bb4 6. e3 h6 7. Bxf6 Qxf6 8.
a3 Bxc3+ 9. bxc3 O-O 10. Bd3 c5 11. Ne2 c4 12. Bc2 Re8 13. O-O Nc6 14. Ng3 Be6
15. e4 Qf4 16. e5 Ne7 17. Qe2 f6 18. Ba4 Nc6 19. exf6 Qxf6 20. Qd2 Bf7 21. Rfe1
a6 22. Rxe8+ Rxe8 23. Re1 b5 24. Bd1 Rxe1+ 25. Qxe1 Qe6 26. Qxe6 Bxe6 27. Kf1
a5 28. Bf3 b4 29. axb4 axb4 30. cxb4 Nxd4 31. Ne2 Nxf3 32. gxf3 Kf7 33. Nd4 Ke7
34. Ke2 Kd6 35. Ke3 Bd7 36. f4 g6 1/2-1/2

[Event "DVM u20 2005"]
[Site "Berlin"]
[Date "2005.12.27"]
[Round "2.6"]
[White "Förster, Matthias"]
[Black "Wapenhans, Alexander"]
[Result "1/2-1/2"]
[WhiteElo "1669"]
[BlackElo "1913"]
[PlyCount "50"]
[EventDate "2000.??.??"]

1. e4 d5 2. exd5 Qxd5 3. Nc3 Qa5 4. d4 c6 5. Nf3 Bf5 6. Bd3 Bxd3 7. Qxd3 e6 8.
Bd2 Nd7 9. O-O Ngf6 10. a4 Be7 11. Rfe1 O-O 12. Ne4 Qc7 13. c3 Rfd8 14. Qc2 c5
15. Rad1 Nxe4 16. Qxe4 Nf6 17. Bf4 Bd6 18. Bxd6 Rxd6 19. Qe5 Nd7 20. Qf4 Rd8
21. d5 Nf8 22. c4 exd5 23. Rxd5 Ng6 24. Qe4 Rxd5 25. cxd5 Qd6 1/2-1/2

[Event "DVM u20 2005"]
[Site "Berlin"]
[Date "2005.12.27"]
[Round "2.1"]
[White "Stellwagen, Robin"]
[Black "Süß, Stefan"]
[Result "1-0"]
[WhiteElo "2167"]
[BlackElo "2021"]
[PlyCount "43"]
[EventDate "2000.??.??"]

1. e4 c5 2. Nf3 e6 3. d4 cxd4 4. Nxd4 a6 5. Nc3 Qc7 6. Be2 Nf6 7. Bf3 d6 8. O-O
Nbd7 9. g3 Be7 10. Bg2 Nb6 11. a4 e5 12. Nf5 Bxf5 13. exf5 Rd8 14. a5 Nc4 15.
Nd5 Nxd5 16. Qxd5 b5 17. Qc6+ Rd7 18. b3 Nxa5 19. Qxc7 Rxc7 20. Rxa5 Rxc2 21.
Rxa6 O-O 22. Rb6 1-0

[Event "DVM u20 2005"]
[Site "Berlin"]
[Date "2005.12.27"]
[Round "2.2"]
[White "Borel, Markus"]
[Black "Möller, Hendrik"]
[Result "0-1"]
[WhiteElo "1965"]
[BlackElo "2160"]
[PlyCount "82"]
[EventDate "2000.??.??"]

1. e4 e5 2. Nf3 Nc6 3. d4 exd4 4. Nxd4 Bc5 5. Be3 Qf6 6. c3 Nge7 7. g3 d5 8.
Bg2 dxe4 9. Nd2 Bxd4 10. Nxe4 Bxc3+ 11. Nxc3 O-O 12. O-O Bf5 13. Qb3 Ne5 14.
Qxb7 Rab8 15. Qxa7 Bg4 16. Qa4 Nf5 17. Qf4 Rfe8 18. h3 Nxe3 19. fxe3 Be6 20.
Qxf6 gxf6 21. Ne4 Red8 22. Nxf6+ Kg7 23. b3 Rd2 24. Ne4 Re2 25. Rfe1 Rxg2+ 26.
Kxg2 Bd5 27. Red1 Bxe4+ 28. Kg1 Kf6 29. Rac1 c6 30. Rc3 Ke6 31. a4 Ra8 32. Rdc1
Rg8 33. g4 h5 34. Kf1 hxg4 35. hxg4 Rxg4 36. a5 Rh4 37. a6 Rh1+ 38. Kf2 Rh2+
39. Kg3 Ra2 40. Kf4 f5 41. Rd1 Rg2 0-1

[Event "DVM u20 2005"]
[Site "Berlin"]
[Date "2005.12.27"]
[Round "2.3"]
[White "Schnock, Stefan"]
[Black "Müller, Mathias"]
[Result "1-0"]
[WhiteElo "2030"]
[BlackElo "1827"]
[PlyCount "57"]
[EventDate "2000.??.??"]

1. e4 e5 2. Nf3 Nc6 3. d4 exd4 4. Bc4 Bc5 5. c3 d3 6. b4 Bb6 7. a4 a6 8. Qb3
Qe7 9. O-O d6 10. Bg5 Nf6 11. Nbd2 O-O 12. Bxd3 Bg4 13. Rae1 Bxf3 14. Nxf3 Ne5
15. Nxe5 Qxe5 16. Bh4 Rae8 17. Kh1 Nh5 18. Bb1 c6 19. Qd1 Bc7 20. f4 Nxf4 21.
Bg3 g5 22. Bxf4 gxf4 23. Qg4+ Kh8 24. Rxf4 d5 25. Ref1 Qxc3 26. e5 Rxe5 27. Qd7
Bb8 28. Rxf7 Rxf7 29. Qxf7 1-0